| 000 | 00000nam 2200000za 4500 |
| 001 | 9.687161 |
| 003 | CaOODSP |
| 005 | 20210624230843 |
| 007 | cr ||||||||||| |
| 008 | 150407s2002 onc|||||o f|0| 0 eng d |
| 040 | |aCaOODSP|beng |
| 043 | |an-cn--- |
| 086 | 1 |aH49-121/2002E-PDF |
| 110 | 1 |aCanada.|bHealth Canada. |bPopulation and Public Health Branch. |
| 245 | 10|aDiabetes in Canada |h[electronic resource]. |
| 250 | |aSecond edition. |
| 260 | |aOttawa : |bHealth Canada, |c2002. |
| 300 | |a78 p. : |bfigs., glossary, graphs, references, tables. |
| 590 | |a04-40|b2004-10-01 |
| 775 | 08|tLe diabète au Canada |w(CaOODSP)9.631622 |
| 795 | |tDiabetes in Canada |w(CaOODSP)9.695415 |
| 856 | 40|ahttp://publications.gc.ca|qPDF|s1984 KB|uhttps://publications.gc.ca/collections/Collection/H49-121-2002E.pdf |